000 00775nam a2200253Ia 4500
003 OSt
005 20220925210806.0
006 a|||||r|||| 00| 0
007 ta
008 220923b |||||||| |||| 00| 0 eng d
020 _a8183760074
_c500.00
037 _b433, 29/07/2006, Bright Book Service
_cGeneral Book
040 _aRTL
_cRTL
_beng
041 _2eng
_aeng
082 _aY9(W), P5
100 _aRathod P B
_9273159
245 0 _aFundamentals of political sociology
260 _aJaipur
_bA B D Publication
_c2005
300 _avi, 203p
_ccm.
500 _aBibliography chapterwise & P 191-95
650 _aPolitical Sociology
942 _hY9(W), P5
_cGB
_2CC
999 _c555998
_d555998